Les dictateurs du XXe siècle #2. - Statistiques

Statistiques générales
  • Ce quiz a été pris 878 fois
  • Le résultat moyen est 6 sur 8
Statistiques - réponses
Par images Hint Réponse % Correct
Cuba Fidel Castro
95%
Corée du Nord Kim Jong-Il
93%
Irak Sadam Hussein
83%
Libye Mouammar Kadhafi
76%
Chili Augusto Pinochet
73%
Viet Nam Ho Chi Minh
71%
Syrie Hafez el-Assad
59%
Zaïre/ RD Congo Mobutu Sese Seko
40%
Aucun quiz correspondant
Distribution des résultats
% des personnes avec chaque résultat
Percentile par nombre de réponses
Votre historique - résultats
Vous n’avez pas pris ce quiz